00326nam a2200121 a 4500008004100000020001500041050001400056100002300070245004800093260003200141300002200173350000900195120416s1979 ||||||||||||||||| || u a0700334455 aHA 29 Kaz aKazmier, Leonard J10aBasic statistics for business and economics aNew YorkbMcGraw-Hillc1979 axiv, 457p. : ill. a0.00